El precio de la gracia. El seguimiento

Guardado en:
Detalles Bibliográficos
Autor principal: Bonhoeffer, Dietrich, 1906-1945 (autor)
Formato: Desconocido
Publicado: Salamanca, España: Ediciones Sígueme, 2022.
Edición:Novena edición.
Colección:Verdad e Imagen. Teología;
Materias:
Etiquetas: Agregar Etiqueta
Sin Etiquetas, Sea el primero en etiquetar este registro!

MARC

LEADER 00000 a2200000 4500
003 CL-VaPUC
005 20231121093455.0
008 231113t2022 ||||| |||| 00| 0 eng d
999 |c 442379  |d 442377 
020 |a 9788430121298 
040 |c Pontificia Universidad Católica de Valparaíso 
082 7 |a 234.16 BON 2022  |2 22 
100 |a Bonhoeffer, Dietrich,  |d 1906-1945  |e autor  |9 349305 
245 1 3 |a El precio de la gracia.  |b  El seguimiento 
250 |a Novena edición.  
260 |a Salamanca, España:  |b Ediciones Sígueme,  |c 2022. 
300 |a 238 páginas.  
490 |a Verdad e Imagen. Teología;   |n  95. 
583 |k GC  |c 20231113 
650 |a Teología  |y Siglo 20  |9 885751 
650 |a Obediencia   |x Aspectos religiosos  |9 885752 
942 |2 ddc  |c BK 
952 |0 0  |1 0  |2 ddc  |4 0  |6 234_160000000000000_BON_2022  |7 0  |8 A  |9 592408  |a BIBTEO  |b BIBTEO  |c GEN  |d 2023-11-10  |e 8  |g 19599.00  |i 5659434  |o 234.16 BON 2022  |p 5659434  |r 2025-01-17  |t 1  |v 19599.00  |w 2023-11-10  |y BK  |k ICR